Economía y sociedad (Registro nro. 83163)
[ vista simple ]
| 000 -LEADER | |
|---|---|
| fixed length control field | 01023nam a22002777a 4500 |
| 005 - DATE AND TIME OF LATEST TRANSACTION | |
| control field | 20260304120525.0 |
| 008 - FIXED-LENGTH DATA ELEMENTS--GENERAL INFORMATION | |
| fixed length control field | 090331s mx 000 0 spa u |
| 020 ## - INTERNATIONAL STANDARD BOOK NUMBER | |
| International Standard Book Number | 9786071618672 |
| 050 04 - LIBRARY OF CONGRESS CALL NUMBER | |
| Classification number | HB178.5 |
| Item number | W43 2014 |
| 050 04 - LIBRARY OF CONGRESS CALL NUMBER | |
| Classification number | HB175 |
| Item number | W43 2014 |
| 100 1# - MAIN ENTRY--PERSONAL NAME | |
| Personal name | Weber, Max |
| 240 10 - UNIFORM TITLE | |
| Uniform title | Wirtschaft und gesellschaft. |
| Language of a work | Español |
| 245 10 - TITLE STATEMENT | |
| Title | Economía y sociedad |
| Statement of responsibility, etc | / Max Weber ; nueva edición, revisada, comentada y anotada por Francisco Gil Villegas M. ; traducción de José Medina Echavarría,...[et al.]. |
| 250 ## - EDITION STATEMENT | |
| Edition statement | 3a ed. |
| 260 ## - PUBLICATION, DISTRIBUTION, ETC. (IMPRINT) | |
| Place of publication, distribution, etc | México : |
| Name of publisher, distributor, etc | Fondo de Cultura Económica, |
| Date of publication, distribution, etc | 2014 |
| 300 ## - PHYSICAL DESCRIPTION | |
| Extent | 1452 p. ; |
| Dimensions | 24 cm. |
| 490 0# - SERIES STATEMENT | |
| Series statement | Sección de Obras de Sociología |
| 504 ## - BIBLIOGRAPHY, ETC. NOTE | |
| Bibliography, etc | Incluye apéndices, bibliografía e índice |
| 650 #7 - SUBJECT ADDED ENTRY--TOPICAL TERM | |
| Source of heading or term | lemb |
| Topical term or geographic name as entry element | Economía |
| 650 #7 - SUBJECT ADDED ENTRY--TOPICAL TERM | |
| Source of heading or term | lemb |
| Topical term or geographic name as entry element | Sociología |
| 700 1# - ADDED ENTRY--PERSONAL NAME | |
| Personal name | Gil Villegas M., Francisco, |
| Relator term | editor |
| 700 1# - ADDED ENTRY--PERSONAL NAME | |
| Personal name | Medina Echavarría, José, |
| Relator term | traductor |
| 700 1# - ADDED ENTRY--PERSONAL NAME | |
| Personal name | Roura Parella, Juan, |
| Relator term | traductor |
| 700 1# - ADDED ENTRY--PERSONAL NAME | |
| Personal name | Ímaz, Eugenio, |
| Relator term | traductor |
| 942 ## - ADDED ENTRY ELEMENTS (KOHA) | |
| Source of classification or shelving scheme | Biblioteca del Cogreso de los Estados Unidos |
| Koha item type | Libro |
| Estado de pérdida | Fuente de clasificación | Estado del daño | No para préstamo | Ubicación permanente | Ubicación actual | Apartado o colección | Fecha de adquisición | Fuente de adquisición | Edición | Dependencia de educación superior (DES) | Área del conocimiento | Clasificación | Código de Barras | Date last seen | Número de copia | Costo por reposición | Tipo de recurso | Nota pública | Total Checkouts | Total Renewals | Checked out | Date checked out |
|---|---|---|---|---|---|---|---|---|---|---|---|---|---|---|---|---|---|---|---|---|---|---|
| Biblioteca del Cogreso de los Estados Unidos | Uso interno Biblioteca | Biblioteca de la Facultad de Economía | Biblioteca de la Facultad de Economía | General | 19/02/2026 | Dirección General de Bibliotecas Generico | 3a ed. | Ciencias Económico Administrativas | Ciencias Sociales y Administrativas | HB175 W43 2014 | BFE000007771 | 14/07/2014 | 1 | 1.00 | Libro | 1a ed. en Alemán | ||||||
| Biblioteca del Cogreso de los Estados Unidos | Biblioteca de la Facultad de Economía | Biblioteca de la Facultad de Economía | General | 19/02/2026 | Dirección General de Bibliotecas Generico | 3a ed. | Ciencias Económico Administrativas | Ciencias Sociales y Administrativas | HB175 W43 2014 | BFE000007772 | 16/01/2015 | 2 | 1.00 | Libro | 1a ed. en Alemán | |||||||
| Biblioteca del Cogreso de los Estados Unidos | Biblioteca de la Facultad de Economía | Biblioteca de la Facultad de Economía | General | 19/02/2026 | Dirección General de Bibliotecas Generico | 3a ed. | Ciencias Económico Administrativas | Ciencias Sociales y Administrativas | HB175 W43 2014 | BFE000007773 | 16/01/2015 | 3 | 1.00 | Libro | 1a ed. en Alemán | |||||||
| Biblioteca del Cogreso de los Estados Unidos | Biblioteca de la Facultad de Letras | Biblioteca de la Facultad de Letras | General | 04/03/2026 | 3a ed. | Ciencias Sociales y Administrativas | HB178.5 W43 r2016 | LLH000010372 | 04/03/2026 | 1 | 1.00 | Libro | ||||||||||
| Biblioteca del Cogreso de los Estados Unidos | Biblioteca del Instituto de Investigaciones Históricas | Biblioteca del Instituto de Investigaciones Históricas | General | 28/04/2021 | 3a ed. | Educación y Humanidades | HB175 W43 2014 | IIH000029112 | 19/05/2026 | C:1 | Libro | 2 | 1 | 10/06/2026 | 19/05/2026 |